Conferencias de psicología dinámica

Salvato in:
Dettagli Bibliografici
Autore principale: Moore, Thomas Verner (autor)
Natura: Libro
Lingua:spagnolo
Pubblicazione: Madrid Consejo Superior de Investigaciones Científicas 1948
Serie:Serie A, 13
Soggetti:
Tags: Aggiungi Tag
Nessun Tag, puoi essere il primo ad aggiungerne!!

MARC

LEADER 00000nam a2200000 a 4500
001 UCZ6739
003 CL-VaPUC
008 951215e19480000SP |||||||||||||||||spa|d
082 0 4 |a 150.193  |b MOO  |2 21 
100 |a Moore, Thomas Verner  |e autor  |9 351230 
245 1 0 |a Conferencias de psicología dinámica 
300 |a 377 p 
942 |c BK 
945 |d 19951215 00:00:00  |a cmena 
260 |a Madrid  |b Consejo Superior de Investigaciones Científicas  |c 1948 
650 7 |a ESCUELAS DE PSICOLOGIA  |2 CL-VaPUC  |9 334607 
650 7 |a CIENCIAS DEL COMPORTAMIENTO  |2 CL-VaPUC  |9 351231 
650 0 |a Naturaleza humana   |9 308593 
650 7 |a HISTORIA DE LA PSICOLOGIA  |2 CL-VaPUC  |9 351232 
650 0 |a Conciencia  |9 309452 
650 0 |a Emociones   |9 265224 
650 0 |a Trastornos de la personalidad   |9 307698 
650 0 |a Neurosis  |9 312889 
650 0 |a Voluntad  |9 307812 
583 |a last modification  |c 19951215 00:00:00  |k Rodrigo Vera 
490 0 |a Serie A, 13 
999 |c 242917  |d 242915 
952 |0 0  |1 0  |4 0  |6 150_193000000000000_MOO_1948  |7 0  |8 P  |9 256243  |a BIBEDU  |b BIBEDU  |c BIBEDU_PB  |d 2019-11-19  |i 1607820  |o 150.193 MOO 1948  |p 1607820  |r 2024-01-25  |w 2019-11-19  |y BK  |k EDU